| 000 | 01272 a2200277 4500 | ||
|---|---|---|---|
| 003 | Nust | ||
| 005 | 20220730114922.0 | ||
| 010 | _a 00702652 | ||
| 020 | _a1558606459 (acid-free paper) | ||
| 035 | _a(OCoLC)ocm44151085 | ||
| 040 | _cNust | ||
| 082 | 0 | 0 | _a004.65,WIT |
| 100 | 1 |
_aWittmann, Ralph. _995908 |
|
| 245 | 1 | 0 |
_aMulticast communication : _bprotocols and applications / _cRalph Wittmann, Martina Zitterbart. |
| 260 |
_aSan Francisco, CA : _bMorgan Kaufmann, _c[2000], c2001. |
||
| 300 |
_axvii, 349 p. : _bill. ; _c25 cm. |
||
| 440 | 0 |
_aMorgan Kaufmann series in networking _994477 |
|
| 505 | _aIntroduction (Page-1), The Basics of group communication (Page-7), Multicast routing (Page-53), Quality of service (Page-123), Multicast in ATM networks (Page-167), Transport protocols (Page-197), MBone-The multicast backbone of the internet (Page-265), Outlook (Page-309). | ||
| 650 | 0 |
_aComputer networks. _93677 |
|
| 650 | 0 |
_aInternet. _917965 |
|
| 650 | 0 |
_aMulticasting (Computer networks) _995909 |
|
| 700 | 1 |
_aZitterbart, Martina. _995910 |
|
| 856 | 4 | 2 |
_3Publisher description _uhttp://www.loc.gov/catdir/description/els031/00702652.html |
| 856 | 4 | 2 |
_3Table of contents _uhttp://www.loc.gov/catdir/toc/els031/00702652.html |
| 942 |
_cREF _2ddc _k004.65,WIT |
||
| 999 |
_c174933 _d174933 |
||